| 000 | 01531nam0a22003971 4500 | ||
|---|---|---|---|
| 001 | rc\2143447 | ||
| 005 | 20160513123016.0 | ||
| 035 | _a(NLR Aleph) 006518604 | ||
| 090 |
_a6405761 _c6405761 |
||
| 100 | _a20110826d1979 |||y0rusy50 ca | ||
| 101 | 1 |
_arus _caze |
|
| 102 | _aRU | ||
| 105 | _aa z |||a| | ||
| 200 | 1 |
_aВернулись ласточки _eСтихи _fАлиага Кюрчайлы _gАвториз. пер. с азерб. В. Проталина _g[Худож. Г.А. Бойко, И.Н. Шалито] |
|
| 210 |
_aМосква _cСов. писатель _d1979 |
||
| 215 |
_a142 с. _cил. _d16 |
||
| 300 | _aВ вып. дан. авт.: Алиага Гасанага оглы Кюрчайлы | ||
| 327 | 1 | _aСодерж.: Стихи; Мать: Поэма | |
| 464 | 0 | _12001#$aСтихи$aМать$eПоэма | |
| 686 |
_aШ5(2=Аз)7-65я44 _2rubbk |
||
| 686 |
_aШ5(2=Р)75-657ПроталинВ.В _2rubbk |
||
| 686 |
_aЩ897.56(2)Бойко,Г. _2rubbk |
||
| 686 |
_aЩ897.56(2)Шалито,И _2rubbk |
||
| 686 |
_a84Аз7 _2rubbk |
||
| 700 | 1 |
_aКюрчайлы _bА. _f1928-1980 _gАлиага _3RU\NLR\AUTH\770157935 |
|
| 702 | 1 |
_aБойко _bГ. А. _4440 |
|
| 702 | 1 |
_aШалито _bИ. Н. _4440 |
|
| 702 | 1 |
_aПроталин _bВ. В. _gВалентин Валентинович _4730 |
|
| 801 | 0 |
_aRU _bNLR _gpsbo |
|
| 801 | 1 |
_aRU _bELAR _2rusmarc |
|
| 852 |
_aNLR _j79-2/866 |
||
| 899 |
_aRuMoRGB _jB 79-12/442 |
||
| 899 |
_aRuMoRGB _jB 79-12/443 |
||
| 942 | _cBOOK | ||
| 980 | _aNB | ||